| Tag |
First Indicator |
Second Indicator |
Subfields |
| LEADER |
00000cam a22000001i 4500 |
| 001 |
in00004111521 |
| 005 |
20200117084143.0 |
| 006 |
m d f |
| 007 |
cr bn mmmapmmp |
| 008 |
091130s1963 dcu o f000 0 eng d |
| 035 |
|
|
|a cis2007523484
|
| 040 |
|
|
|a UMI
|b eng
|e rda
|c UMI
|d UtOrBLW
|
| 110 |
1 |
|
|a United States.
|b Congress.
|b House.
|b Committee on Interior and Insular Affairs,
|e issuing body.
|0 http://id.loc.gov/authorities/names/n79071072
|
| 245 |
1 |
0 |
|a To Authorize the Addition of Lands to Morristown National Historical Park in the State of New Jersey.
|
| 264 |
|
1 |
|a [Washington :
|b U.S. G.P.O.],
|c 1963.
|
| 300 |
|
|
|a 34 pages, digital, PDF file.
|
| 336 |
|
|
|a text
|2 rdacontent
|b txt
|
| 337 |
|
|
|a computer
|b c
|2 rdamedia
|
| 338 |
|
|
|a online resource
|2 rdacarrier
|b cr
|
| 500 |
|
|
|a Record is based on bibliographic data in ProQuest Congressional Hearings Digital Collection(last viewed July 2018). Reuse except for individual research requires license from ProQuest, LLC.
|
| 538 |
|
|
|a System requirements: PDF reader software.
|
| 500 |
|
|
|a Electronic resource.
|
| 610 |
1 |
0 |
|a United States.
|b National Park Service.
|0 http://id.loc.gov/authorities/names/n79022809
|
| 650 |
|
0 |
|a National parks and reserves.
|0 http://id.loc.gov/authorities/subjects/sh85090045
|
| 651 |
|
0 |
|a Morristown National Historical Park (N.J.)
|0 http://id.loc.gov/authorities/subjects/sh2009007257
|
| 710 |
1 |
|
|a United States.
|b Congress.
|b House.
|b Committee on Interior and Insular Affairs.
|b Subcommittee on National Parks,
|e other agent associated with work.
|0 http://id.loc.gov/authorities/names/n2005056415
|
| 776 |
0 |
8 |
|a United States. Congress. House. Committee on Interior and Insular Affairs.
|t To Authorize the Addition of Lands to Morristown National Historical Park in the State of New Jersey
|o 88 HIni-T.125
|
| 730 |
0 |
|
|a ProQuest U.S. Congressional Hearings Digital Collection.
|
| 856 |
4 |
0 |
|u http://proxy.library.tamu.edu/login?url=http://congressional.proquest.com/congcomp/getdoc?HEARING-ID=HRG-1963-IIA-0043
|y Electronic resource (PDF)
|t 0
|
| 999 |
f |
f |
|s be48c499-920e-3755-af37-79598ba23d49
|i 0c96081d-638c-3d13-9f2c-fda3e2786085
|t 0
|
| 952 |
f |
f |
|a Texas A&M University
|b College Station
|c Electronic Resources
|d Available Online
|t 0
|h No information provided
|
| 998 |
f |
f |
|t 0
|l Available Online
|